Cargando...

Kosh vijnaan: sidhaanth auru prayog

Detalles Bibliográficos
Main Authors: Bahari, Hardev, Bhatia, Kailash Chandra, Tiwari, Bholanath
Formato: Printed Book
Publicado: Varanasi, Visvavidyalaya prakasan 1989
Subjects:
LEADER 005830000a22001930004500
022 |a 25-07-2004 
041 |a Hindi 
082 |a 491.433 M9 
100 |a Bahari, Hardev  |f Comp 
100 |a Bhatia, Kailash Chandra  |f Comp 
100 |a Tiwari, Bholanath  |f Comp 
245 |a Kosh vijnaan: sidhaanth auru prayog 
260 |a Varanasi, Visvavidyalaya prakasan 
260 |c 1989 
650 |a Hindi 
650 |a Lexicography 
942 |c BK 
999 |c 145192  |d 145188 
952 |0 0  |1 0  |4 0  |6 491_433000000000000_M9  |7 0  |9 143967  |a SCC  |b SCC  |d 2017-10-11  |l 0  |o 491.433 M9  |p SCC06873  |r 2017-10-11  |w 2017-10-11  |y BK